| 000 | 02099nam a2200517Ii 4500 | ||
|---|---|---|---|
| 001 | DIGUANDES393 | ||
| 003 | NyNyDIG | ||
| 006 | m o d | ||
| 008 | 191130s2018 ck ob 000 0 spa d | ||
| 007 | cr ||||||||||| | ||
| 035 | _a(OCoLC)1129583287 | ||
| 040 |
_aDGITA _beng _erda _epn _cDGITA |
||
| 020 |
_a9789587747324 _q(eBook ; _qpdf) |
||
| 020 |
_a9587747321 _q(eBook ; _qpdf) |
||
| 020 | _z9789587747317 | ||
| 020 | _z9587747313 | ||
| 043 | _as-ck--- | ||
| 050 | 1 | 4 | _aHC197 ebook |
| 082 | 0 | 4 | _a330.9861 |
| 100 | 1 |
_aCaballero Argáez, Carlos, _eauthor. |
|
| 245 | 1 | 0 |
_aTestimonios : _buna contribución personal a la historia del tiempo presente / _cCarlos Caballero Argáez. |
| 250 | _aPrimera edición. | ||
| 264 | 1 |
_aBogotá, D.C., Colombia : _bUniversidad de los Andes, Vicerrectoría de Investigaciones y Doctorados, Ediciones Uniandes, _c[2018] |
|
| 300 | _a1 online resource. | ||
| 336 |
_atext _btxt _2rdacontent |
||
| 337 |
_acomputer _bc _2rdamedia |
||
| 338 |
_aonline resource _bcr _2rdacarrier |
||
| 347 |
_atext file _2rdaft |
||
| 347 | _bPDF | ||
| 490 | 1 | _aColección Séneca | |
| 504 | _aIncludes bibliographical references. | ||
| 588 | 0 | _aOnline resource; title from PDF title page (Digitalia, viewed November 30, 2019) | |
| 600 | 1 | 0 | _aCaballero Argáez, Carlos. |
| 650 | 0 |
_aEconomics _zColombia _xHistory _y20th century. |
|
| 650 | 0 |
_aBanks and banking, Central _zColombia _xHistory. |
|
| 651 | 0 |
_aColombia _xEconomic conditions _y20th century. |
|
| 651 | 0 |
_aColombia _xEconomic conditions _y21st century. |
|
| 655 | 0 | _aElectronic books. | |
| 791 | 2 |
_aDigitalia (Firm), _edistributor. |
|
| 793 | 0 |
_gDigitalia eBook Collection: _aUniversidad de los Andes |
|
| 776 | 0 | 8 |
_iPrint version: _aCaballero Argáez, Carlos. _tTestimonios. _dBogotá : Universidad de los Andes, Vicerrectoría de Investigaciones y Doctorados, Ediciones Uniandes, 2018 _z9789587747317 _w(OCoLC)1120206832 |
| 830 | 0 | _aColección Séneca. | |
| 856 | 4 | 0 |
_3Digitalia Hispánica _uhttps://www.digitaliapublishing.com/a/60781/ |
| 910 | _aPremium collection: 2020 | ||
| 942 | _cRAA | ||
| 999 |
_c257161 _d257161 |
||